Illustrated particulars, plan and conditions of sale of the valuable compact freehold and historic finely panelled Tudor mansion known as Gwydyr Castle [to be sold at auction by] Ward Price and co....at The Grosvenor Hotel, Chester on Monday 23rd May 1921... (Record no. 116512)
[ view plain ]
| 000 -LEADER | |
|---|---|
| fixed length control field | 01103cam a22002175a 4500 |
| 001 - CONTROL NUMBER | |
| control field | L140875 |
| 008 - FIXED-LENGTH DATA ELEMENTS--GENERAL INFORMATION | |
| fixed length control field | 071016a1921 xxk eng u |
| 035 ## - SYSTEM CONTROL NUMBER | |
| System control number | (Sirsi) u140875 |
| 041 0# - LANGUAGE CODE | |
| Language code of text/sound track or separate title | eng |
| 110 2# - MAIN ENTRY--CORPORATE NAME | |
| Corporate name or jurisdiction name as entry element | Ward Price and Co. |
| 9 (RLIN) | 5397 |
| 245 00 - TITLE STATEMENT | |
| Title | Illustrated particulars, plan and conditions of sale of the valuable compact freehold and historic finely panelled Tudor mansion known as Gwydyr Castle [to be sold at auction by] Ward Price and co....at The Grosvenor Hotel, Chester on Monday 23rd May 1921... |
| 260 ## - PUBLICATION, DISTRIBUTION, ETC. | |
| Place of publication, distribution, etc. | S.l. |
| Name of publisher, distributor, etc. | s.n. |
| Date of publication, distribution, etc. | [1921] |
| 300 ## - PHYSICAL DESCRIPTION | |
| Extent | 20 p. |
| Other physical details | ill. |
| Dimensions | 31 cm. + |
| Accompanying material | 1 v. (ill., 28 cm.) + 1 sheet (28 x 6 cm.) |
| 340 ## - PHYSICAL MEDIUM | |
| Material base and configuration | Printed |
| 351 ## - ORGANIZATION AND ARRANGEMENT OF MATERIALS | |
| Hierarchical level | Single item |
| 500 ## - GENERAL NOTE | |
| General note | Item is accompanied by a newspaper clipping from the Daily Telegraph dated 26 February 1929, regarding the purchase of the property and a copy of the sale catalogue for the collection of furniture, sold on 24 and 25 May 1921. |
| 500 ## - GENERAL NOTE | |
| General note | Item is in a fragile condition. |
| 651 4# - SUBJECT ADDED ENTRY--GEOGRAPHIC NAME | |
| Geographic name | Wales |
| Chronological subdivision | 1998-2007 |
| 690 ## - LOCAL SUBJECT ADDED ENTRY--TOPICAL TERM (OCLC, RLIN) | |
| Topical term or geographic name as entry element | PROPERTY-PROPERTY ACQUISITION AND DISPOSAL-ACQUISITION AND DISPOSAL AT AUCTION |
| 942 ## - ADDED ENTRY ELEMENTS (KOHA) | |
| Suppress in OPAC | 0 |
| Withdrawn status | Lost status | Source of classification or shelving scheme | Damaged status | Not for loan | Home library | Current library | Shelving location | Date acquired | Total Checkouts | Full call number | Barcode | Date last seen | Copy number | Price effective from | Koha item type |
|---|---|---|---|---|---|---|---|---|---|---|---|---|---|---|---|
| Dewey Decimal Classification | London | London | Basement | 16/10/2007 | BASEMENT BOX 2 | 30013162 | 06/08/2019 | 1 | 06/08/2019 | Archive |